Vplyv e-obchodu na globálnu úroveň obchodovania bakalárska práca

Guardado en:
Detalles Bibliográficos
Autor principal: Ščepka, Jaromír
Autor Corporativo: Obchodná fakulta EU. Katedra informatiky obchodných firiem
Otros Autores: Hasan, Jamal
Formato: Libro
Lenguaje:eslovaco
Publicado: Bratislava 2010
Etiquetas: Agregar Etiqueta
Sin Etiquetas, Sea el primero en etiquetar este registro!

MARC

LEADER 00000nam$a2200000$$$4500
001 0134609
005 20240320074606.3
041 0 |a slo 
044 |a SK 
245 1 0 |a Vplyv e-obchodu na globálnu úroveň obchodovania  |b bakalárska práca  |c Jaromír Ščepka ; školiteľ: Jamal Hasan 
264 1 |a Bratislava  |c 2010 
300 |a 58 s. 
100 1 |a Ščepka, Jaromír 
700 1 |a Hasan, Jamal 
710 2 |a Obchodná fakulta EU. Katedra informatiky obchodných firiem